000 00474nam a22001937a 4500
003 MPLRDC
005 20220104114712.0
008 210129b ||||| |||| 00| 0 eng d
020 _a957-9050-54-6
082 _a782.08 CQWX v.25
100 _a董易人编
245 _a一代宗师传奇
_c
250 _a初版
260 _a
_b可筑书房
_c1991
300 _b
490 _a传奇文学之旅. 25
650 _a中国传记丛书
942 _cBK
_o782.08 CQWX v.25
999 _c9551
_d9541